Clubs vainqueurs du Top 14 - Mort subite. - Statistiques

Statistiques générales
  • Ce quiz a été pris 2 726 fois
  • Le résultat moyen est 5 sur 18
Answers on the Grid
Answers color-coded by a green-red scale on the quiz's grid according to % correct below.
Racing 92
Stade toulousain
Stade français
Section paloise
RC Toulon
ASM Clermont
Aviron bayonnais
Biarritz olympique
Castres olympique
Lyon OU
Stade montois
AS Béziers
FC Lourdes
FC Grenoble
Stado Tarbes
USA Perpignan
US Montauban
RC Narbonne
Stade rochelais
Union Bordeaux Bègles
Stade aurillacois
RC Vannes
US Oyonnax
CA Brive
Soyaux Angoulême XV
US Colomiers
CS Bourgoin-Jallieu
RC Nice
USON Nevers
US Dax
Provence rugby
Valence-Romans DR
SO Chambéry
US Carcassonne
Stade langonnais
CA Périgueux
 
Statistiques - réponses
Réponse % Correct
Stade toulousain
55%
RC Toulon
50%
ASM Clermont
49%
Stade français
48%
Racing 92
46%
Castres olympique
43%
USA Perpignan
39%
Biarritz olympique
36%
AS Béziers
27%
Aviron bayonnais
23%
FC Lourdes
21%
Lyon OU
20%
Section paloise
16%
RC Narbonne
15%
FC Grenoble
14%
US Montauban
14%
Stado Tarbes
13%
Stade montois
11%
Aucun quiz correspondant
Distribution des résultats
% des personnes avec chaque résultat
Percentile par nombre de réponses
Votre historique - résultats
Vous n’avez pas pris ce quiz